00469 2200145 4500001002100000005001500021035002000036008004100056245004200097100002200139260010000161300002200261020002200283650001800305INLIS00000000000103320230617075632 a0010-1222000219230617 0 1 aAji Batara Agung Dewa Sakti (English) aYudianti Herawati aJakarta :bKementerian Pendidikan dan Kebudayaan-Badan Pengembangan dan Pembinaan Bahasa,c2016 a51 hlm. ;c21 cm. a978-602-437-090-9 4aCerita Rakyat